Solving ordinary differential equations ii : (Record no. 30302)
[ view plain ]
| 000 -LEADER | |
|---|---|
| fixed length control field | 00633 a2200193 4500 |
| 003 - CONTROL NUMBER IDENTIFIER | |
| control field | NUST |
| 005 - DATE AND TIME OF LATEST TRANSACTION | |
| control field | 20180118165419.0 |
| 008 - FIXED-LENGTH DATA ELEMENTS--GENERAL INFORMATION | |
| fixed length control field | 180118b xxu||||| |||| 00| 0 eng d |
| 020 ## - INTERNATIONAL STANDARD BOOK NUMBER | |
| International Standard Book Number | 3642052207 |
| 020 ## - INTERNATIONAL STANDARD BOOK NUMBER | |
| International Standard Book Number | 9783642052200 |
| 082 ## - DEWEY DECIMAL CLASSIFICATION NUMBER | |
| Classification number | 515.352 |
| 100 1# - MAIN ENTRY--PERSONAL NAME | |
| Personal name | Hairer, Ernst. |
| 9 (RLIN) | 8610 |
| 245 10 - TITLE STATEMENT | |
| Title | Solving ordinary differential equations ii : |
| Remainder of title | stiff and differential-algebraic problems / |
| Statement of responsibility, etc. | Ernst Hairer, Gerhard Wanner. |
| 250 ## - EDITION STATEMENT | |
| Edition statement | 2nd Revised ed. |
| 260 ## - PUBLICATION, DISTRIBUTION, ETC. | |
| Place of publication, distribution, etc. | [S.l.] : |
| Name of publisher, distributor, etc. | Springer, |
| Date of publication, distribution, etc. | 2010. |
| 300 ## - PHYSICAL DESCRIPTION | |
| Extent | 614 p. ; |
| Dimensions | 24 cm. |
| 490 1# - SERIES STATEMENT | |
| Series statement | Springer series in computational mathematics. |
| 700 1# - ADDED ENTRY--PERSONAL NAME | |
| Personal name | Wanner, Gerhard. |
| 9 (RLIN) | 8612 |
| 830 #0 - SERIES ADDED ENTRY--UNIFORM TITLE | |
| Uniform title | Springer series in computational mathematics. |
| 9 (RLIN) | 8613 |
| 942 ## - ADDED ENTRY ELEMENTS (KOHA) | |
| Institution code [OBSOLETE] | SNS |
| Koha item type | Book |
| Call number prefix | 515.352 HAI |
| Source of classification or shelving scheme | |
| Withdrawn status | Lost status | Source of classification or shelving scheme | Damaged status | Not for loan | Permanent Location | Current Location | Shelving location | Date acquired | Full call number | Barcode | Date last seen | Price effective from | Koha item type | Total Checkouts |
|---|---|---|---|---|---|---|---|---|---|---|---|---|---|---|
| Not For Loan | School of Natural Sciences (SNS) | School of Natural Sciences (SNS) | Reference | 05/26/2016 | 515.352 HAI | SNS0001934 | 05/26/2016 | 05/26/2016 | Book | |||||
| School of Natural Sciences (SNS) | School of Natural Sciences (SNS) | 05/26/2016 | 515.352 HAI | SNS0001936 | 05/26/2016 | 05/26/2016 | Book |
